Languages of Belgium Quiz (with map) - Statistics

General Stats
  • This quiz has been taken 2,345 times
    2,287 since last reset
  • The average score is 4 of 6
Answers on the Map
Answers color-coded by a green-red scale on the quiz's map according to % correct below.
 
Answer Stats
Answer % Correct
Langue d'Oil
100%
Flemish
98%
Dutch (Brabantian dialect)
96%
Luxembourgish
67%
Limburgish
36%
Ripuarian
16%
No matching quizzes found
Score Distribution
Percent of People with Each Score
Percentile by Number Answered
Your Score History
You have not taken this quiz since the last reset